Las 10 provincias menos ricas per cápita de España - Estadísticas

Estadísticas generales
  • Esta prueba ha sido intentada 162 veces
  • La puntuación promedio es 8 de 10
Estadísticas de respuestas
PIB per cápita (Euros) Inicial Provincia % Correcto
15.364 J Jaén
94%
16.572 C Cáceres
92%
15.644 B Badajoz
90%
16.807 M Málaga
83%
16.436 G Granada
81%
17.017 T Toledo
81%
16.632 A Albacete
80%
17.799 C Cádiz
79%
16.972 G Guadalajara
78%
16.085 C Córdoba
76%
No se encontraron pruebas coincidentes
Distribución de puntuación
Porcentaje de gente con cada puntuación
Porcentaje por número respondido
Historial de tus puntuaciones
No has intentado esta prueba.